Real-time systems and programming languages: ada real-time Java and C/real-time POSIX. (4th ed.) (Record no. 55709)

MARC details
000 -LEADER
fixed length control field 00836nam a2200217 a 4500
008 - FIXED-LENGTH DATA ELEMENTS--GENERAL INFORMATION
fixed length control field 101103s2009 ||||||||||||||||| || u
020 ## - INTERNATIONAL STANDARD BOOK NUMBER
International Standard Book Number 9780321417459
050 ## - LIBRARY OF CONGRESS CALL NUMBER
Classification number QA 76.54 Bur
100 ## - MAIN ENTRY--PERSONAL NAME
Personal name Wellings, Andy
245 10 - TITLE STATEMENT
Title Real-time systems and programming languages: ada real-time Java and C/real-time POSIX. (4th ed.)
Statement of responsibility, etc. by Alan Burns and Andy Wellings
250 ## - EDITION STATEMENT
Edition statement 4th ed.
260 ## - PUBLICATION, DISTRIBUTION, ETC.
Place of publication, distribution, etc. Harlow:
Name of publisher, distributor, etc. Pearson
Date of publication, distribution, etc. 2009
300 ## - PHYSICAL DESCRIPTION
Extent xviii, 602p.: ill.
350 ## - PRICE (NR) (BK AM CF MU VM SE) [OBSOLETE]
Price 0.00
650 ## - SUBJECT ADDED ENTRY--TOPICAL TERM
Topical term or geographic name entry element PROGRAMMING
650 ## - SUBJECT ADDED ENTRY--TOPICAL TERM
Topical term or geographic name entry element REAL-TIME DATA PROCESSING
650 ## - SUBJECT ADDED ENTRY--TOPICAL TERM
Topical term or geographic name entry element PROGRAMMING LANGUAGES(ELECTRONIC COMPUTERS)
650 ## - SUBJECT ADDED ENTRY--TOPICAL TERM
Topical term or geographic name entry element REAL-TIME PROGRAMMING
700 ## - ADDED ENTRY--PERSONAL NAME
Personal name Burns, Alan
995 ## - RECOMMENDATION 995 [LOCAL, UNIMARC FRANCE]
-- 0.00
-- CBU-MAIN LIBRARY (Kitwe)
-- 1
-- 0.00
-- 1
-- AVAILABLE
-- Nov 26, 2010
-- Main Library Open Access Collection
Holdings
Withdrawn status Lost status Source of classification or shelving scheme Damaged status Not for loan Home library Current library Shelving location Date acquired Total Checkouts Full call number Barcode Date last seen Price effective from Koha item type
          CBU-MAIN LIBRARY, KITWE. CBU-MAIN LIBRARY, KITWE.   11/30/2022   QA 76.54 Bur 742026 11/30/2022 11/30/2022 MONOGRAPH